|
|
|
|
| LEADER |
01069cam a2200301 7i4500 |
| 001 |
0000124287 |
| 005 |
20240827090000.0 |
| 008 |
240827t20142014mdua ### #00001eng## |
| 020 |
# |
# |
|a 1421414732
|
| 020 |
# |
# |
|a 9781421414737
|
| 040 |
# |
# |
|a UMT
|b eng
|c UMT
|d Ohiolink
|e rda
|
| 090 |
0 |
0 |
|a RA 792.5
|b .P4 2014
|
| 100 |
1 |
# |
|a Peterson, A. Townsend
|e author
|
| 245 |
1 |
0 |
|a Mapping disease transmission risk :
|b enriching models using biogeography and ecology
|c A. Townsend Peterson.
|
| 264 |
# |
1 |
|a Baltimore:
|b Johns Hopkins University Press,
|c 2014
|
| 264 |
# |
4 |
|c ♭2014
|
| 300 |
# |
# |
|a xiv, 210 pages:
|b illustrations;
|c 27 cm
|
| 336 |
# |
# |
|a text --
|2 rdacontent
|
| 337 |
# |
# |
|a unmediated --
|2 rdamedia
|
| 338 |
# |
# |
|a volume --
|2 rdacarrier
|
| 504 |
# |
# |
|a Includes bibliographical references and index
|
| 590 |
# |
# |
|a Perpuustakaan Sultanah Nur Zahirah
|
| 650 |
0 |
0 |
|a Medical geography
|
| 650 |
0 |
0 |
|a Topography, Medical
|
| 650 |
0 |
0 |
|a Epidemiology
|
| 650 |
0 |
0 |
|a Public health surveillance
|
| 650 |
0 |
0 |
|a Medical mapping
|
| 999 |
|
|
|a 1100095985
|b Book
|c Open Shelf
|e KOLEKSI TERBUKA
|